000
00349nam a2200157Ia 4500
005
20250425161501.0
008
250425s9999 xx 000 0 und d
041
_a
spa
082
_a
IBM4381
245
0
_a
PRINCIPIOS BASICOS DE QUIMICA
250
_a
S.E.
260
_a
S.L.
260
_a
Sin Pais
_b
REVE
_c
1969
942
_c
01
010
_a
21353
999
_c
210185
_d
210185